VI Congreso Internacional de Donantes de Sangre (Record no. 46659)

MARC details
000 -LEADER
campo de control de longitud fija 00695nam a2200181 i 4500
001 - NÚMERO DE CONTROL
campo de control 46659
003 - IDENTIFICADOR DE NÚMERO DE CONTROL
campo de control ES-MaACL
005 - FECHA Y HORA DE LA ÚLTIMA TRANSACCIÓN
campo de control 20230906161426.0
007 - CAMPO FIJO DE DESCRIPCIÓN FÍSICA--INFORMACIÓN GENERAL
campo de control de longitud fija t|
008 - DATOS DE LONGITUD FIJA--INFORMACIÓN GENERAL
campo de control de longitud fija 030331s1969 sp ||||1| spa d
111 2# - ENTRADA PRINCIPAL--NOMBRE DE CONGRESO/REUNIÓN
Nombre de congreso/reunión o jurisdicción como elemento de entrada Congreso Internacional de Donantes de Sangre (
Número del congreso/reunión o número de parte o sección 6º.
Fecha del congreso o de la firma del tratado 1968.
Sede del congreso/Lugar de la reunión España)
9 (RLIN) 418
245 10 - MENCIÓN DEL TÍTULO
Título VI Congreso Internacional de Donantes de Sangre
Resto del título : 7-10 nov. 1968.
260 ## - PUBLICACIÓN, DISTRIBUCIÓN, ETC.
Lugar de publicación, distribución, etc. [Madrid :
Nombre del editor, distribuidor, etc. s.n.,
Fecha de publicación, distribución, etc. 1969]
300 ## - DESCRIPCIÓN FÍSICA
Extensión 353 p., 1 lám. :
Otras características físicas il. ;
Dimensiones 27 cm.
500 ## - NOTA GENERAL
Nota general Precede al tít.: Federación Internacional de Organizaciones de Donantes de Sangre.
710 2# - ENTRADA AGREGADA--NOMBRE DE ENTIDAD CORPORATIVA
Nombre de entidad corporativa o nombre de jurisdicción como elemento de entrada Federación Internacional de Organizaciones de Donantes de Sangre.
9 (RLIN) 4110
852 ## - LOCALIZACIÓN
Ubicación ES-MaACL
Número de control de estantería C-42327
Sublocalización o colección R.71795
Holdings
Estatus retirado Estado de pérdida Estado de daño No para préstamo Biblioteca de origen Biblioteca actual Ubicación en estantería Fecha de adquisición Fuente de adquisición Total de préstamos Signatura topográfica completa Código de barras Visto por última vez Precio de reemplazo Tipo de ítem Koha
        Biblioteca del Ateneo de Madrid Biblioteca del Ateneo de Madrid Depósito 2 17/01/2008     C-42327 1049075 23/02/2023 23/02/2023 Libro impreso